00620nam a2200181 a 450000100100000000500170001000800410002702000150006804000250008310000340010824500600014226000300020230000210023249000280025383000350028195201050031699900170042100004127620201002034740.0130927s1997 cl 000 0 spa d a9580438676 aDO-SdBNPbspacBNPHU1 aMutis, Álvarod1923-92496013aLa última escala del tramp steamer /cÁlvaro Mutis. aBogotá :bNorma,c1997. a101 p. ;c23 cm.1 aLa pequeña bilbioteca 0aLa pequeña bilbioteca967887 001050718MOaGRbGRcCTd2013-09-27iLF1l0o p41276-10r2020-06-25w2020-06-25y1ZNo se presta c40766d40766